Sub-Hardy Hilbert spaces in the unit disk

Αποθηκεύτηκε σε:
Λεπτομέρειες βιβλιογραφικής εγγραφής
Κύριος συγγραφέας: Sarason, Donald
Μορφή: Βιβλίο
Γλώσσα:English
Δημοσίευση: New york : Wiley, c1994
Σειρά:University of Arkansas lecture notes in the mathematics ; ; 10
Θέματα:
Ετικέτες: Προσθήκη ετικέτας
Δεν υπάρχουν, Καταχωρήστε ετικέτα πρώτοι!

MARC

LEADER 00000nam a2200000 i 4500
001 1/73217
008 990429s1994 eng d
020 |a 0-471-04897-6 
035 |l 10048763 
040 |a GR-MY-UA  |b gre  |e aacr 
041 0 |a eng 
082 0 |a 515.733 
100 1 |a Sarason, Donald. 
245 1 0 |a Sub-Hardy Hilbert spaces in the unit disk /  |c Donald Sarason 
260 |a New york :   |b Wiley,   |c c1994 
300 |a xiv, 95 p.;  |b ill.;  |c 25 cm. 
490 1 |a University of Arkansas lecture notes in the mathematics  |v ; 10 
500 |a Includes bibliographical references and index 
500 |a "A Wiley-Interscience publication' 
650 0 0 |a Hilbert space. 
650 0 0 |a Hardy spaces. 
830 0 |a University of Arkansas lecture notes in the mathematics ;  |v ; 10 
852 |a INST  |b SAMOS  |e 19990429  |h 515.733 SAR  |p 005300013120  |q 005300013120  |t BK  |y 0 
901 |a BIBL-1999-1 
909 |a Σ  |b 064019 
922 |a 3ΕΛΗ  |b 199901  |c ΚΠΣ  |d GLORY